000 00427nam a2200181Ia 4500
001 15316
005 20260306170147.0
008 260306t1996||||xx |||||||||||||| ||und||
041 _aESP
082 _a531.12
_bR59
100 _aRiley, William F.
_eAUT
245 0 _aEngineering mechanics:
_bstatics
260 _c1996
300 _a681 páginas :
_c26 cm.
650 _aGEN
654 _aCCN
942 _cLIB
_dJUS
_fJUS
_2ddc
_n
999 _c15316
_d15316